000 00702nam a2200289Ia 4500
005 20260324132240.0
008 008 260324s9999 xx 000 0 eng d
020 _a9781315133096
037 _aEBOOK
040 _aCRL
040 _beng
040 _cCRL
041 _2eng
041 _aeng
084 _qCRL
100 _aNatalia Ribas-Mateos
_91188561
245 4 _aThe Mediterranean in the Age of Globalization
245 0 _bMigration, Welfare, and Borders
260 _bTaylor and Francis
260 _c2005
365 _a
365 _b230
856 _uhttp://www.taylorfrancis.com/books/9781315133096
942 _cEBOOK
999 _c1786517
_d1786517